LEADER 01116nam0 2200313 450 001 000018614 005 20051125111610.0 010 $a0-12-544161-4 011 $a0091-679X 100 $a20051125d1999----km-y0itaa50------ba 101 0 $aeng 102 $aUS 200 1 $aThe zebrafish: biology$fEdited by H. William Detrich, III, Monte Westerfield, Leonard I. Zon 210 $aSan Diego ... [etc.]$cAcademic Press$dc1999 215 $aXVIII,391 p.$cill.$d25 cm 225 2 $aMethods in cell biology$v59 410 1$12001$aMethods in cell biology$v59 606 1 $aZebrafishes 676 $a597.57$v(21 ed.)$9Vertebrati a sangue freddo Pisces (Pesci). Trote 702 1$aDetrich III,$bH. William 702 1$aWesterfield,$bMonte 702 1$aZon$bLeonard I. 801 0$aIT$bUniversità della Basilicata - B.I.A.$gRICA$2unimarc 912 $a000018614 996 $aThe zebrafish: biology$983506 997 $aUNIBAS CAT $aSTD042$b00$c20051125$lBAS01$h1116 FMT Z30 -1$lBAS01$LBAS01$mBOOK$1BASA2$APolo Tecnico-Scientifico$2DID$BDidattica$3PTS$690791$5A90791$820051125$f98$FConsultazione LEADER 01366nas 2200421- 450 001 996321466103316 005 20220308213021.0 035 $a(OCoLC)947083316 035 $a(CKB)3780000000080071 035 $a(CONSER)--2016252320 035 $a(EXLCZ)993780000000080071 100 $a20151109a20129999 --- - 101 0 $aind 135 $aur|nu|||||||| 181 $ctxt$2rdacontent 182 $cc$2rdamedia 183 $acr$2rdacarrier 200 00$aEconomics development analysis journal 210 1$aSemarang :$cJurusan Ekonomi Pembangunan, Fakultas Ekonomi, Universitas Negeri Semarang,$d2012- 215 $a1 online resource 300 $aRefereed/Peer-reviewed 311 $a2252-6560 517 1 $aEDAJ 531 0 $aEconomics development anal. j. 606 $aEconomic development$vPeriodicals 606 $aEconomic development$zIndonesia$vPeriodicals 606 $aEconomic development$2fast$3(OCoLC)fst00901785 607 $aIndonesia$2fast 608 $aPeriodicals.$2fast 608 $aPeriodicals.$2lcgft 615 0$aEconomic development 615 0$aEconomic development 615 7$aEconomic development. 712 02$aUniversitas Negeri Semarang.$bJurusan Ekonomi Pembangunan, 906 $aJOURNAL 912 $a996321466103316 996 $aEconomics development analysis journal$92574508 997 $aUNISA